000 00709nam a2200205 a 4500
005 20150722020002.0
008 140128b2007 ck ||||| |||| 00| 0 spa d
020 _a9789588343112
041 _aspa
044 _ack
090 _aIAVH
_b00788
100 _aYepes Guzmán, Adriana
_95069
245 _aAproximación al estado de las actividades de investigación y de cooperación científica y técnica sobre el medio ambiente con énfasis en biodiversidad
_b2007
260 _aBogotá
_bInstituto Alexander von Humboldt
_c2007
300 _a52 p.
700 _aGalindo Garzón, Pilar
_95399
700 _aVivas Segura, José Andrés
_95400
700 _aMateus, Rubén Darío
_95401
942 _cCD-ROM
_2z
_03
999 _c6182
_d6182